00305pab a2200121 454500008004000000100001700040245003300057260000900090300000900099362000900108650003200117773003400149180718b1985 xxu||||| |||| 00| 0 eng d aGrover, A.N. aConstitutions and press laws c1985 a2-13 aOct. aPress - Legislation - India aPress Council of India Review